000 02849cam a22004814i 4500
003 PE-LiUPU
005 20250731173417.0
008 150706s2007 moua rb 000 0 spa d
020 _a9780758608222
035 _a(Sirsi) i9780758608222
040 _aPE-LiUPU
_bspa
_cPE-LiUPU
_erda
049 _aPRUA
082 0 4 _a220
_bCC
_221
100 1 _aBustamante, Roberto E.,
_eautor.
245 1 0 _aPrimera carta a Timoteo /
_cRoberto E. Bustamante.
264 1 _aSaint Louis, Missouri, U:S:A: :
_bConcordia,
_c2007.
300 _a638 páginas :
_bilustraciones ;
_c24 centímetros
336 _atext
_2rdacontent
337 _aunmediated
_2rdamedia
338 _avolume
_2rdacarrier
490 0 _aComentario Concordia
504 _aIncluye bibliografía.
505 0 _aIntroducción al comentario a las cartas a Timoteo y a Tito -- 1 Timoteo a vuelo de pájaro -- 1 Ti 1:1-2/párrafo 1 - apertura de la carta -- 1 Ti 1:3-11 / párrafo 2 - el conflicto de los falsos maestros -- 1 Ti 1:12-17 / párrafo 3 - Pablo, ejemplo para los creyentes -- 1Ti 1: 18-20 / párrafo 4 - pelear la más excelente batalla -- 1 Ti 2:1-7 / párrafo 5 - la salvación es amiga del orden -- 1Ti 2:8 / párrafo 6 -Ética anti - usurpación -- 1 Ti 3:1B-13 / párrafo 7 -estructura anti - usurpación -- 1 Ti 3:14-16 / párrafo 8 - lo que está en juego -- 1 Ti 4:1-5 / párrafo 9 - la falsa enseñanza -- 1 Ti 4:6-16 / párrafo 10 - la sana enseñanza -- 1 Ti 5: 1-2 - párrafo 11 - iglesia y familia -- 1 Ti 5:3:16 / párrafo 12 - las viudas -- 1 Ti 5:17-20 / párrafo 13 - Los ancianos -- 1 Ti 5:21-22 / párrafo 14 - consérvate puro -- 1 Ti5:23 / párrafo 15 - al cuidado de Timoteo -- 1 Ti 5:24-25 / párrafo - tiempo al tiempo -- 1 Ti6:1-2A / párrafo 17 - los esclavos -- 1 Ti6:2B-10 / párrafo 18 -la falsa ambición -- 1 Ti 6:11-16 / párrafo 19 - la sana ambición -- 1 Ti 6:17-19 / párrafo 20- los ricos -- 1 Ti 6:20-21A / párrafo 21 -cuida el depósito -- 1 Ti 6:21B / párrafo 22 cierre de la carta.
526 _aSEG42
526 _aSEG41
526 _aSEG40
526 _aSEG39
526 _aP94
526 _aP87
526 _aP86
526 _aP85
526 _aP77
526 _aP76
526 _aP35
541 _g001-0000567;
630 _aBiblia.
_pN.T.
_pTimoteo I
_xComentarios.
910 _agl
_bjv
_clch
_d20120529
942 _2ddc
_cBOOK
949 _a220 CC 54
_wDEWEY
_c1
_i64713
_lCCODEBUL1
_mBUL
_p29.00
_r0
_sY
_tBOOK
_u2015-7-6
_xTEOLOGIA
_PP35
_o.STAFF. Colección General
994 _aC0
_bPEPRU
596 _a1
999 _a220 CC 54
_wDEWEY
_c53415
_i64713
_d53415
_e2016-5-24
_f2021-11-9
_g5
_lCCODEBUL1
_mBUL
_n2
_p29.00
_q1
_r0
_sY
_tBOOK
_u2015-7-6
_xTEOLOGIA
_PP35
_0COMPRA
_o.STAFF. Colección Teología
980 _81
_gALBERTO SANCHEZ Responsable de Automatización